| 000 | 00414nam a2200169Ia 4500 | ||
|---|---|---|---|
| 008 | 180424s9999 xx 000 0 und d | ||
| 084 | _a519.9 P8 | ||
| 100 | _a"Peters, " | ||
| 245 | 0 | _aReadings in Applied Statistics | |
| 250 | _a\\197000ENGGPSX | ||
| 260 | _aPrentice Hall | ||
| 260 | _b1970 | ||
| 260 | _cEnglewood Cliffs | ||
| 300 | _aviii+376 | ||
| 500 | _aincludes index and biblioraphy | ||
| 942 | _cBK | ||
| 999 |
_c24301 _d24301 |
||